| 000 | 00836nam a2200289Ia 4500 | ||
|---|---|---|---|
| 003 | OSt | ||
| 005 | 20221007124001.0 | ||
| 006 | a|||||r|||| 00| 0 | ||
| 007 | ta | ||
| 008 | 221006b |||||||| |||| 00| 0 eng d | ||
| 020 | _a1405139188 (pbk) | ||
| 024 | _a83523 | ||
| 037 | _cTextbook | ||
| 040 |
_aCDL _cCDL _beng |
||
| 041 |
_2eng _aeng |
||
| 082 | _aE8, N5;P7-;1 Carc | ||
| 100 |
_aJoule John A _9718264 |
||
| 245 | 0 |
_aHeterocyclic chemistry at a glance _b Mills Keith |
|
| 260 |
_aMalden _bBlackwell Publishing _c2007 |
||
| 300 |
_avi, 150p. _ccm. |
||
| 500 | _aIndex 144-150p. | ||
| 650 |
_a Heterocyclic chemistry _9717996 |
||
| 650 | _aChemistry | ||
| 700 |
_a Mills Keith _9718265 |
||
| 942 |
_hE8, N5;P7-;1 Carc _cTB _2CC |
||
| 999 |
_c1212748 _d1212748 |
||